000
00358nam a2200157Ia 4500
008
230605s2003 xx 000 0 und d
041
_a
eng
100
_a
Anderws
245
_a
Food and Beverage Service (Mannul)
260
_b
Tata Mc Garth
_c
2003
_c
2003
300
_a
192
365
_b
100
_h
20
500
_a
108
520
_a
General
650
_a
F. B.
999
_c
417802
_d
417802